Présidents de la république française par indices - Statistiques

Statistiques générales
  • Ce quiz a été pris 94 fois
  • Le résultat moyen est 8 sur 13
Statistiques - réponses
Indice Réponse % Correct
Je suis le premier president de la Vieme republique Charles de Gaulle
95%
Pendant 3 ans, nul ne soupconna que j'étais malade, et je meurs au pouvoir Georges Pompidou
85%
Je suis le président qui est reste le plus longtemps au pouvoir et qui a aboli la peine de mort Francois Mitterand
83%
Je suis le premier président de la France Louis-Napoléon Bonaparte
77%
J'ai négocié le traité de paix avec Bismarck et réprime dans le sang l'insurrection de la Commune. Adolphe Thiers
61%
Je suis décédé lors d'un acte sexuel dans l'Elysée Felix Faure
61%
Je suis élu a 75 ans et je suis assassiné par un russe blanc mai 1932 Paul Doumer
58%
Je suis assassiné à Lyon en 1894 Marie-Francois Sadi Carnot
56%
Je suis le président qui n'est resté au pouvoir que quelques mois en 1920 dû à ma folie Paul Deschanel
52%
J'ai instauré le septennat Patrice de Mac-Mahon
49%
Je suis le premier président socialiste Vincent Auriol
47%
Je suis élu en 1924 et je suis d'origine protestante Gaston Doumergue
45%
Je suis issu de la haute bourgeoisie et je démissionne 6 mois plus tard. Jean Casimir-Perier
31%
Aucun quiz correspondant
Distribution des résultats
% des personnes avec chaque résultat
Percentile par nombre de réponses
Votre historique - résultats
Vous n’avez pas pris ce quiz